000 01263nam a2200145 4500
008 759.972.86 L213c
020 _a9789968492058
082 _a759.972.86
_bL213c
100 _aLam Chen, Iris
_96541
245 _a¿Cómo está el arroz y cómo cocinar en el mercado costarricense de arte pictórico?
260 _aSan José, Costa Rica
_bGlobal Metro Art
_c2017
300 _a176 p.
_bill
_c21.6 x 28 cm
505 _tDedicatoria
_tAgradecimiento
_tPrólogo
_tPresentación
_tIntroducción
_tíndice
_tÍndice de cuadros
_tÍndice de figuras
_tCapítulo I: Hablemos sobre el arte y el mercado
_tCapítulo II: Hablemos sobre el mercado del arte
_tCapítulo III: ¿Cómo está el arroz? Las características del mercado costarricense de obras pictóricas
_tCapítulo IV: ¿Por qué estamos comiendo arroz? Los factores motivacionales de los compradores de obras pictóricas
_tCapítulo V: ¿Cuáles son las recetas favoritas? Estrategias comerciales de los pintores establecidos
_tCapítulo VI: ¿Cómo preparar una receta gustosa? Diseño de una estrategia comercial para los pintores emergentes
_tCapítulo VII: Resumamos
_tCapítulo VIII: Recomendamos para cocinar
_tGlosario
_tReferencias
650 _xarte contemporáneo
_xarte - pintura
_xarte - pintura costarricense
_xCosta Rica
_96557
999 _c1564
_d1564